Woman : (Record no. 1308937)

MARC details
000 -LEADER
fixed length control field 01500nam a22002417a 4500
005 - DATE AND TIME OF LATEST TRANSACTION
control field 20250530164326.0
008 - FIXED-LENGTH DATA ELEMENTS--GENERAL INFORMATION
fixed length control field 250414b |||||||| |||| 00| 0 eng d
020 ## - INTERNATIONAL STANDARD BOOK NUMBER
International Standard Book Number 9789004680401
040 ## - CATALOGING SOURCE
Transcribing agency SDCL
041 ## - LANGUAGE CODE
Source of code eng
Language code of text/sound track or separate title eng
084 ## - COLON CLASSIFICATION NUMBER
Classification number Y15(V) R3
100 ## - MAIN ENTRY--PERSONAL NAME
Personal name Rudan, Paola
9 (RLIN) 752240
245 ## - TITLE STATEMENT
Title Woman :
Remainder of title History and critique of a polemical concept
260 ## - PUBLICATION, DISTRIBUTION, ETC.
Place of publication, distribution, etc. Leiden :
Name of publisher, distributor, etc. Brill,
Date of publication, distribution, etc. 2023.
300 ## - PHYSICAL DESCRIPTION
Extent xxii, 139p.
490 ## - SERIES STATEMENT
Series statement Studies in critical social sciences
Volume/sequential designation Volume 264
520 ## - SUMMARY, ETC.
Summary, etc. The book follows the movements of the concept of “woman” from the Early modern to the post-colonial age, through the words of women who challenged its patriarchal definition. The concept of “woman” is doubly polemical. It affirms sexual difference as political difference, while denying the universal character of modern political concepts which represent the unity of the political and social order, exposing its fundamental division. At the same time, “woman” is a concept marked by differences ‒ of "race", class, culture ‒ that continually redetermine its content. To make the history of the concept of “woman” is thus to affirm a different perspective on history itself, a partial perspective that lays the groundwork for the feminist critique of the present.
650 ## - SUBJECT ADDED ENTRY--TOPICAL TERM
Topical term or geographic name entry element Philosophy / Political
9 (RLIN) 811293
650 ## - SUBJECT ADDED ENTRY--TOPICAL TERM
Topical term or geographic name entry element Social Science / General
9 (RLIN) 811278
650 ## - SUBJECT ADDED ENTRY--TOPICAL TERM
Topical term or geographic name entry element Feminist theory, Women -- Historiography
9 (RLIN) 811294
942 ## - ADDED ENTRY ELEMENTS (KOHA)
Source of classification or shelving scheme Colon Classification (CC)
Koha item type Textual
Suppress in OPAC No
Holdings
Withdrawn status Lost status Source of classification or shelving scheme Damaged status Not for loan Home library Current library Date acquired Source of acquisition Inventory number Total Checkouts Full call number Barcode Date last seen Price effective from Koha item type
    Colon Classification (CC)     South Campus Library South Campus Library 2025-04-14 Excel Media 6393, 26/11/2024, EURO 117.00   Y15(V) R3 SC1690574 2025-04-14 2025-04-14 Textual
Copyright @ Delhi University Library System